Cambridge Practice Tests for IELTS 1 Self-Study Edition (Record no. 63208)

000 -LEADER
fixed length control field 00560nam a22001937a 4500
003 - CONTROL NUMBER IDENTIFIER
control field NUST - PNEC
005 - DATE AND TIME OF LATEST TRANSACTION
control field 20170116180806.0
008 - FIXED-LENGTH DATA ELEMENTS--GENERAL INFORMATION
fixed length control field 150422b xxu||||| |||| 00| 0 eng d
020 ## - INTERNATIONAL STANDARD BOOK NUMBER
International Standard Book Number 0521682142
040 ## - CATALOGING SOURCE
Transcribing agency LIBRARY
082 ## - DEWEY DECIMAL CLASSIFICATION NUMBER
Classification number 418.007 JAK
100 ## - MAIN ENTRY--PERSONAL NAME
9 (RLIN) 3017
Personal name jakeman vanessa
245 ## - TITLE STATEMENT
Title Cambridge Practice Tests for IELTS 1 Self-Study Edition
Statement of responsibility, etc. vanessa jakeman
250 ## - EDITION STATEMENT
Edition statement -
260 ## - PUBLICATION, DISTRIBUTION, ETC.
Place of publication, distribution, etc. UK :
Name of publisher, distributor, etc. Cambridge,
Date of publication, distribution, etc. c 1996.
300 ## - PHYSICAL DESCRIPTION
Extent 156 p . :
650 ## - SUBJECT ADDED ENTRY--TOPICAL TERM
9 (RLIN) 3018
Topical term or geographic name entry element NEW Cambridge Practice Tests for IELTS 1 Self-Study
General subdivision Gernal.
942 ## - ADDED ENTRY ELEMENTS (KOHA)
Source of classification or shelving scheme
Koha item type Book
Holdings
Withdrawn status Lost status Source of classification or shelving scheme Damaged status Not for loan Permanent Location Current Location Shelving location Date acquired Source of acquisition Cost, normal purchase price Total Checkouts Full call number Barcode Date last seen Date last checked out Cost, replacement price Price effective from Koha item type
          Pakistan Navy Engineering College (PNEC) Pakistan Navy Engineering College (PNEC)   02/15/2007 Progressive International Agency 550.00 2 418.007 JAK PNECLIB-028097 11/21/2016 11/21/2016 550.00 02/15/2007 Book
© 2023 Central Library, National University of Sciences and Technology. All Rights Reserved.